000 00639nam a2200241Ia 4500
003 OSt
005 20220924143719.0
006 a|||||r|||| 00| 0
007 ta
008 220923b |||||||| |||| 00| 0 urd d
024 _a309729
037 _cTextual
040 _aARTS
_cARTS
_burd
041 _2urd
_aurd
082 _aO168v225,N1, M0
100 _aKhan Ahmaduddin Ali Khan
_9216657
245 0 _aAhed e usmani mein urdu khidmaat
260 _c1980
300 _a152p.
_ccm.
650 _aURDU LITERATURE
942 _hO168v225,N1, M0
_cTEXL
_2CC
999 _c455488
_d455488